Πύλος : το ανάκτορο του Νέστορος
Saved in:
| Main Author: | |
|---|---|
| Format: | Book |
| Language: | Greek |
| Published: |
Αθήνα :
Υπουργείο Πολιτισμού και Αθλητισμού. Οργανισμός Διαχείρισης και Ανάπτυξης Πολιτιστικών Πόρων,
c2021.
|
| Subjects: | |
| Tags: |
Add Tag
No Tags, Be the first to tag this record!
|
MARC
| LEADER | 00000nam a2200000 a 4500 | ||
|---|---|---|---|
| 001 | 1/126050 | ||
| 008 | 230127s2021####gr ao ||| |||| ||gre|| | ||
| 020 | |a 9789603864882 | ||
| 040 | |a GR-MyUa |b gre |c GR-MyUa |e AACR2 | ||
| 041 | 1 | |a gre | |
| 082 | 7 | |a 938.25 |2 (23) | |
| 100 | 1 | |a Αραπογιάννη, Ξένη. | |
| 245 | 1 | 0 | |a Πύλος : |b το ανάκτορο του Νέστορος / |c Ξένη Αραπογιάννη. |
| 260 | |a Αθήνα : |b Υπουργείο Πολιτισμού και Αθλητισμού. Οργανισμός Διαχείρισης και Ανάπτυξης Πολιτιστικών Πόρων, |c c2021. | ||
| 300 | |a 128 σ. : |b φωτ., εικ. ; |c 22 εκ. | ||
| 650 | 0 | |a Excavations (Archaeology) |z Greece |z Messenia. | |
| 651 | 0 | |a Messenia (Greece) |x Antiquities. | |
| 651 | 0 | |a Messenia (Greece) |x History. | |
| 852 | |a INST |b LESVOS |e 20230131 |h 938.25 ΑΡΑ |p 005100064824 |q 005100064824 |t BK |y 0 | ||
| 970 | |a Καμάτσου |b Δέσποινα |z 27-01-2023 | ||